Normal view
MARC view
- Starbucks Coffee Company
Entry Corporate Name
001 - CONTROL NUMBER
- control field: 5840
003 - CONTROL NUMBER IDENTIFIER
- control field: OSt
005 - DATE AND TIME OF LATEST TRANSACTION
- control field: 20170517162915.0
008 - FIXED-LENGTH DATA ELEMENTS
- fixed length control field: 170517|| aca||aabn | a|a d
040 ## - CATALOGING SOURCE
- Original cataloging agency: OSt
- Transcribing agency: OSt
110 ## - HEADING--CORPORATE NAME
- Corporate name or jurisdiction name as entry element: Starbucks Coffee Company
- General subdivision: Employees
- Geographic subdivision: New York (State)
- Geographic subdivision: New York
- Form subdivision: Biography
670 ## - SOURCE DATA FOUND
- Source citation: Work cat.: (OSt)0: Gill, Michael (Michael Gates), author. 5839, How STARBUCKS Saved My Life :

PORTAL AKMAL
E-MEL JKDM
AKMAL2U
G-BAM
u-PUSTAKA